<?xml version="1.0" encoding="UTF-8"?>
<record
    xmlns:xsi="http://www.w3.org/2001/XMLSchema-instance"
    xsi:schemaLocation="http://www.loc.gov/MARC21/slim http://www.loc.gov/standards/marcxml/schema/MARC21slim.xsd"
    xmlns="http://www.loc.gov/MARC21/slim">

  <leader>00481nam a22001577a 4500</leader>
  <controlfield tag="005">20150227161945.0</controlfield>
  <controlfield tag="008">150227b        xxu||||| |||| 00| 0 eng d</controlfield>
  <datafield tag="040" ind1=" " ind2=" ">
    <subfield code="c">PK-LaUMT</subfield>
  </datafield>
  <datafield tag="082" ind1=" " ind2=" ">
    <subfield code="a">KHC 306.220</subfield>
    <subfield code="b">ROO-Q</subfield>
  </datafield>
  <datafield tag="100" ind1=" " ind2=" ">
    <subfield code="a">&#x631;&#x648;&#x62A;&#x6BE; &#x628;&#x6CC;&#x646;&#x6CC; &#x688;&#x6A9;&#x679;</subfield>
  </datafield>
  <datafield tag="245" ind1=" " ind2=" ">
    <subfield code="a">&#x642;&#x62F;&#x6CC;&#x645; &#x62A;&#x6C1;&#x632;&#x6CC;&#x628; &#x627;&#x648;&#x631; &#x62C;&#x62F;&#x6CC;&#x62F; &#x627;&#x646;&#x633;&#x627;&#x646;</subfield>
    <subfield code="c">&#x631;&#x648;&#x62A;&#x6BE; &#x628;&#x6CC;&#x646;&#x6CC; &#x688;&#x6A9;&#x679;</subfield>
  </datafield>
  <datafield tag="260" ind1=" " ind2=" ">
    <subfield code="a">&#x644;&#x627;&#x6C1;&#x648;&#x631;</subfield>
    <subfield code="b">&#x645;&#x6A9;&#x62A;&#x628;&#x6C1; &#x645;&#x639;&#x6CC;&#x646; &#x627;&#x644;&#x627;&#x62F;&#x628;</subfield>
    <subfield code="c">1969</subfield>
  </datafield>
  <datafield tag="300" ind1=" " ind2=" ">
    <subfield code="a">375 &#x635;</subfield>
  </datafield>
  <datafield tag="700" ind1=" " ind2=" ">
    <subfield code="a">&#x642;&#x627;&#x633;&#x645; &#x645;&#x62D;&#x645;&#x648;&#x62F;(&#x62A;&#x631;&#x62C;&#x645;&#x6C1;</subfield>
  </datafield>
  <datafield tag="942" ind1=" " ind2=" ">
    <subfield code="c">BK</subfield>
  </datafield>
  <datafield tag="999" ind1=" " ind2=" ">
    <subfield code="c">66677</subfield>
    <subfield code="d">66677</subfield>
  </datafield>
  <datafield tag="952" ind1=" " ind2=" ">
    <subfield code="0">0</subfield>
    <subfield code="1">0</subfield>
    <subfield code="4">0</subfield>
    <subfield code="7">0</subfield>
    <subfield code="a">01</subfield>
    <subfield code="b">01</subfield>
    <subfield code="d">2015-02-27</subfield>
    <subfield code="l">0</subfield>
    <subfield code="o">KHC 306.220 ROO-Q</subfield>
    <subfield code="p">72985</subfield>
    <subfield code="r">2015-02-27 00:00:00</subfield>
    <subfield code="w">2015-02-27</subfield>
    <subfield code="y">BK</subfield>
  </datafield>
</record>
